Catalog

Record Details

Catalog Search



Od A do Z ve výzkumech veřejného mínění  Cover Image Book Book

Od A do Z ve výzkumech veřejného mínění / Ján Mišovič a kolektiv

Record details

  • ISBN: 978-80-86741-94-9
  • Physical Description: 239 s. ; 22 cm
  • Publisher: [Divišov] : Orego, 2010

Content descriptions

Bibliography, etc. Note:
Obsahuje bibliografii, bibliografické odkazy a rejstřík
Subject: veřejné mínění
výzkum veřejného mínění
oborová terminologie
public opinion
public opinion polls
terminology (professional)
Genre: příručky
výkladové slovníky
handbooks, manuals, etc
explanatory dictionaries

Available copies

  • 1 of 1 copy available at Common Catalog SPOK.

Holds

  • 0 current holds with 1 total copy.
Show Only Available Copies
Location Call Number / Copy Notes Barcode Shelving Location Status Due Date
Jabok Library Soc-1.6/M 424480037066 Odborná literatura Available -

LDR 01405nam a2200421 a 4500
00123114
003CZ-PrJAB
00520150908121119.0
007ta
008100209s2010 xr e f 001 0 cze
015 . ‡acnb002032946
020 . ‡a978-80-86741-94-9 ‡q(váz.)
035 . ‡a(CZ PrNK)nkc20102032946
035 . ‡a(OCoLC)607528390
040 . ‡aOLA001 ‡bcze
072 7. ‡a316 ‡xSociologie ‡2Konspekt ‡918
080 . ‡a316.65 ‡2MRF
080 . ‡a303.425 ‡2MRF
080 . ‡a81'373.46 ‡2MRF
080 . ‡a(035) ‡2MRF
080 . ‡a(038.072) ‡2MRF
1001 . ‡aMišovič, Ján, ‡d1948- ‡7xx0000021 ‡4aut
24510. ‡aOd A do Z ve výzkumech veřejného mínění / ‡cJán Mišovič a kolektiv
260 . ‡a[Divišov] : ‡bOrego, ‡c2010
300 . ‡a239 s. ; ‡c22 cm
504 . ‡aObsahuje bibliografii, bibliografické odkazy a rejstřík
65007. ‡aveřejné mínění ‡7ph116571 ‡2czenas
65007. ‡avýzkum veřejného mínění ‡7ph116718 ‡2czenas
65007. ‡aoborová terminologie ‡7ph138998 ‡2czenas
65009. ‡apublic opinion ‡2eczenas
65009. ‡apublic opinion polls ‡2eczenas
65009. ‡aterminology (professional) ‡2eczenas
655 7. ‡apříručky ‡7fd133209 ‡2czenas
655 7. ‡avýkladové slovníky ‡7fd133855 ‡2czenas
655 9. ‡ahandbooks, manuals, etc ‡2eczenas
655 9. ‡aexplanatory dictionaries ‡2eczenas
910 . ‡aABG312
901 . ‡a23114 ‡b ‡c23114 ‡tbiblio

Additional Resources